000 01017nam a2200289 a 4500
001 1329
003 BR-CuiBMT
005 20231208003900.0
008 231205s2009 spba 000 0 por d
020 _a9788530928674
040 _aBR-CuiBMT
_cBR-CuiBMT
080 _22007
_a342
_x(79.1)
090 _a342(079.1)
_bO48c
_c7. ed.
100 1 _aOliveira, Adriano B. Koenigkam de
245 1 0 _aComo se preparar para o exame da ordem :
_bconstitucional /
_cAdriano B. Koenigkam de Oliveira e Olavo A. Vianna Alves Ferreira.
250 _a7. ed.
260 _aSão Paulo :
_bGen :
_bMétodo,
_c2009.
300 1 _a236 p. :
_bil. ;
_c22 cm
490 1 _aSérie resumo. 1ª fase ;
_v9
504 _aInclui bibliografia.
590 _aA Biblioteca possui a 2. reimpr. 2009.
650 _aOrdem dos Advogados do Brasil
_vExames
_zBrasil
650 _aDireito constitucional
_xProblemas, questões, exercícios
_zBrasil
700 1 _aFerreira, Olavo A. Vianna Alves
830 0 _aResumo. 1ª fase ;
_v9
942 _2udc
_cLV
999 _c1329
_d1329